Central Library OPAC University of Rajshahi

A Comparative Study of Dance in English and Bengali Literature of Medieval Period (15th - 17th Century) / (Record no. 82290)

MARC details
000 -LEADER
fixed length control field 00967nam a22002417a 4500
001 - CONTROL NUMBER
RUCL Control Number 82290
003 - CONTROL NUMBER IDENTIFIER
rucl marc code BD-RjUL
005 - DATE AND TIME OF LATEST TRANSACTION
control field 20231213104457.0
008 - FIXED-LENGTH DATA ELEMENTS--GENERAL INFORMATION
fixed length control field 231114s2018 bg a|||| m||| 00| 0 eng d
035 ## - SYSTEM CONTROL NUMBER
system control number (BD-RjUL)82290
040 ## - CATALOGING SOURCE
Original cataloging agency BD-RjUL
Language of cataloging eng
Transcribing agency BD-RjUL
Modifying agency BD-RjUL
041 ## - LANGUAGE CODE
Language code of Book eng
082 ## - DEWEY DECIMAL CLASSIFICATION NUMBER
DDC Edition number 23
Classification number 891.4409
Author mark and Year ACC 2018
100 ## - MAIN ENTRY--PERSONAL NAME
Personal name Acharyya, Satabdi
9 (RLIN) 10054
245 10 - TITLE STATEMENT
Title A Comparative Study of Dance in English and Bengali Literature of Medieval Period (15th - 17th Century) /
Statement of responsibility, etc By Satabdi Acharyya ;
Name of Supervisor/Co-Supervisor Supervisor : Shafiqunnabee Samadi.
260 ## - PUBLICATION, DISTRIBUTION, ETC. (IMPRINT)
Place of publication, distribution, etc Rajshahi :
Name of publisher, distributor, etc Department of Music, University of Rajshahi,
Date of publication, distribution, etc 2018.
300 ## - PHYSICAL DESCRIPTION
Pagination [6], 181 leaves :
Other physical details ill, ;
Dimensions 29.cm.
502 ## - DISSERTATION NOTE
Dissertation note Thesis (Ph. D.) -- Department of Music, University of Rajshahi, 2018
504 ## - BIBLIOGRAPHY, ETC. NOTE
Bibliography, etc Bibliography : Leaves 178 - 181
650 ## - SUBJECT ADDED ENTRY--TOPICAL TERM
Topical term or geographic name as entry element Bengali literature
General subdivision East Indo-European and celtic literatures
9 (RLIN) 10055
700 ## - ADDED ENTRY--SUPERVISOR/CO-SUPERVISOR NAME
Personal name Samadi, Shafiqunnabee, Supervisor
9 (RLIN) 10056
942 ## - ADDED ENTRY ELEMENTS (KOHA)
Source of classification or shelving scheme Dewey Decimal Classification
Koha item type Theses
Holdings
Source of classification or shelving scheme Damaged status Not for loan Collection code Permanent Location Current Location Shelving location Date of accession Source of acquisition Total Checkouts Full call number Barcode Date last seen Copy number Thesis
Dewey Decimal Classification   Not For Loan Theses Central Library, University of Rajshahi Central Library, University of Rajshahi Documentation Section 15/12/2020 Controller of Exam. R.U.   THE 891.4409 ACC 2018 D4376 14/11/2023 C-1 Theses